| 000 | 00891nas a2200301 4500 | ||
|---|---|---|---|
| 001 | BR2014004970 | ||
| 003 | BR-BrBNA | ||
| 005 | 20231205124345.0 | ||
| 007 | ta | ||
| 008 | 230509b bl.|||p| |||| 00| 00por d | ||
| 040 |
_aBR-BrBNA _bpor _cBiblioteca Nacional de Agricultura |
||
| 041 | _a(Pt) | ||
| 072 | _aQ04; U10 | ||
| 100 | 1 | _aAlves, A.I. | |
| 100 | 1 | _aTeixeira, L.J.Q. | |
| 100 | 1 | _aSaraiva, S.H. | |
| 100 | 1 | _aCarneiro, J. de S. | |
| 245 | 1 | _aRevalidação do método titulométrico para determinação do ácido ascórbico | |
| 650 | _aLIMÃO | ||
| 650 | _aSUCO | ||
| 650 | _aÁCIDO ASCÓRBICO | ||
| 650 | _aANÁLISE DE ALIMENTO | ||
| 650 | _aMÉTODO | ||
| 650 | _aANÁLISE QUANTITATIVA | ||
| 773 | 0 |
_tRevista Ceres (Brazil) _xISSN 0034-737X _g(Mar-Apr 2014), v. 61(2) p. 155-161 _wBR2014004970 |
|
| 909 |
_a202311 _bLúcia _c55 _dLúcia Elande |
||
| 942 |
_2AGRIS _n0 _cANA |
||
| 999 |
_c238655 _d238655 |
||